Physical metallurgy and advanced materials. (Record no. 11086)
[ view plain ]
| 000 -LEADER | |
|---|---|
| fixed length control field | 00979cam a2200265 a 4500 |
| 001 - CONTROL NUMBER | |
| control field | 15198795 |
| 005 - DATE AND TIME OF LATEST TRANSACTION | |
| control field | 20201128013545.0 |
| 008 - FIXED-LENGTH DATA ELEMENTS--GENERAL INFORMATION | |
| fixed length control field | 080228s2007 ne a b 001 0 eng |
| 010 ## - LIBRARY OF CONGRESS CONTROL NUMBER | |
| LC control number | 2008270218 |
| 020 ## - INTERNATIONAL STANDARD BOOK NUMBER | |
| International Standard Book Number | 9780750669061 |
| 040 ## - CATALOGING SOURCE | |
| Original cataloging agency | DLC |
| Transcribing agency | DLC |
| Modifying agency | DLC |
| 050 00 - LIBRARY OF CONGRESS CALL NUMBER | |
| Classification number | TN690 |
| Item number | .S56 2007 |
| 082 00 - DEWEY DECIMAL CLASSIFICATION NUMBER | |
| Classification number | 669.9 |
| Edition number | 22 |
| Item number | SMA |
| 100 1# - MAIN ENTRY--PERSONAL NAME | |
| Personal name | Smallman, R. E. |
| 9 (RLIN) | 2613 |
| 245 10 - TITLE STATEMENT | |
| Title | Physical metallurgy and advanced materials. |
| 250 ## - EDITION STATEMENT | |
| Edition statement | 7th ed. / |
| Remainder of edition statement | R.E. Smallman, A.H.W. Ngan. |
| 260 ## - PUBLICATION, DISTRIBUTION, ETC. (IMPRINT) | |
| Place of publication, distribution, etc | Amsterdam ; |
| -- | Boston : |
| Name of publisher, distributor, etc | Butterworth Heinemann, |
| Date of publication, distribution, etc | 2007. |
| 300 ## - PHYSICAL DESCRIPTION | |
| Extent | xxi, 650 p. : |
| Other physical details | ill. ; |
| Dimensions | 26 cm. |
| 500 ## - GENERAL NOTE | |
| General note | Rev. ed. of: Modern physical metallurgy and materials engineering. 1999. |
| 650 #0 - SUBJECT ADDED ENTRY--TOPICAL TERM | |
| Topical term or geographic name as entry element | Physical metallurgy. |
| 9 (RLIN) | 2614 |
| 700 1# - ADDED ENTRY--PERSONAL NAME | |
| Personal name | Ngan, A. H. W. |
| 9 (RLIN) | 2615 |
| 700 1# - ADDED ENTRY--PERSONAL NAME | |
| Personal name | Smallman, R. E. |
| Title of a work | Modern physical metallurgy and materials engineering. |
| 9 (RLIN) | 2616 |
| 942 ## - ADDED ENTRY ELEMENTS (KOHA) | |
| Source of classification or shelving scheme | Dewey Decimal Classification |
| Item type | Book - Borrowing |
| Withdrawn status | Item status | Source of classification or shelving scheme | Damaged status | Not for loan | Vendor | Home library | Current library | Shelving location | Date acquired | Source of acquisition | Cost, normal purchase price | Serial Enumeration / chronology | Total Checkouts | Total Renewals | Full call number | Barcode | Date last seen | Date last borrowed | Koha item type |
|---|---|---|---|---|---|---|---|---|---|---|---|---|---|---|---|---|---|---|---|
| Dewey Decimal Classification | Alahram | Central Library | Central Library | First floor | 18/03/2009 | 480.00 | 360 | 2 | 5 | 669.9 SMA | 000015443 | 15/07/2025 | 18/10/2020 | Book - Borrowing |